Seed vs Fungi/ (Record no. 190632)

MARC details
000 -LEADER
fixed length control field 00501nam a22001817a 4500
005 - DATE AND TIME OF LATEST TRANSACTION
control field 20220914142435.0
010 ## - LCCN (DPL NO)
LC control number ENG-134123
020 ## - INTERNATIONAL STANDARD BOOK NUMBER
International Standard Book Number 9788177354469
Terms of availability 30.00
035 ## - SYSTEM CONTROL NUMBER
System control number EN-117655
037 ## - SOURCE OF ACQUISITION
Source of stock number/acquisition DBAB/PUB
082 ## - DEWEY DECIMAL CLASSIFICATION NUMBER
Classification number 579.1757
100 ## - MAIN ENTRY--PERSONAL NAME
Personal name Kamala, A.
245 ## - TITLE STATEMENT
Title Seed vs Fungi/
Statement of responsibility, etc A. Kamala
260 ## - PUBLICATION, DISTRIBUTION, ETC. (IMPRINT)
Place of publication, distribution, etc Chennai
Name of publisher, distributor, etc Pavai Publications
Date of publication, distribution, etc 2007
270 ## - ADDRESS
Address # 142, J.J.K. Road, Royapettah
City Chennai
Postal code 600014
300 ## - PHYSICAL DESCRIPTION
Extent 49p.
Dimensions 21cm(pbk)
942 ## - ADDED ENTRY ELEMENTS (KOHA)
Source of classification or shelving scheme Dewey Decimal Classification
Item type English Books
Classification part 579.1757
Call number suffix KAM
Holdings
Withdrawn status Lost status Not for loan Collection code Home library Current library Date acquired Source of acquisition Cost, normal purchase price Full call number Barcode Copy number Cost, replacement price Koha item type
      Non-fiction Ashok Vihar Ashok Vihar 01/08/2022 DBAD/PUB 30.00 579.1757 KAM EN-117655 1 30.00 English Books

© Delhi Public Library
Hit Counter
free hit counter